000 00356 a2200169 4500
001 56550
020 _a8532519873
040 _cAnchieta - Pituba
100 _aAlecrim, Alberto
240 1 0 _aSujeito Dagoberto
_lpor
245 1 0 _aSujeito Dagoberto
300 _a95
362 0 _a2006
440 1 _aRocco
650 4 _aLiteratura juvenil
942 _cBK
999 _c56550
_d56550